000 00496nam a2200169Ia 4500
001 14584
003 IN-NITTTR
005 20251114233137.0
008 251113s9999||||xx |||||||||||||| ||eng||
040 _beng
040 _cIN-NITTTR
041 _aeng
082 _a333.7900954 S51R
100 _aSomasekhara, N.
245 0 _aRural energy :
_b flows, inter-fuel substitution and development profile of a developing country with special reference to India /
_cSomasekhara, N.
942 _2ddc
_cBK
999 _c17220
_d17220